000 00954nam a2200229 i 4500
001 44679
003 ES-MaACL
005 20230906161057.0
007 t|
008 030324s1976 ne d ||||1| eng d
020 _a0-444-41475-4
100 1 _aClason, W. E.
_939073
245 1 0 _aElsevier's dictionary of library science, information and documentation :
_bin six languages : English/American, French, Spanish, Italian, Dutch and German /
_ccompiled and arranged on an English alphabetical basis by W.E. Clason ; with Arabic supplement by Shawky Salem.
246 3 _aDictionary of library science, information and documentation
250 _a2nd printing.
260 _aAmsterdam :
_bElsevier Scientific,
_c1976.
300 _a708 p. ;
_c23 cm.
650 4 _aBiblioteconomía-
_vDiccionarios políglotas.
_9170681
650 4 _aDocumentación-
_vDiccionarios políglotas.
_9170682
700 1 _aSalem, Shawky.
_9101869
852 4 _aES-MaACL
_jL-6901
999 _c44679
_d44679